Geography General Knowledge #223 - Statistics

General Stats
  • This quiz has been taken 446 times
  • The average score is 6 of 15
Answer Stats
Hint Answer % Correct
What is the largest continent? Asia
91%
What country has the largest coastline? Canada
80%
What is the largest great lake in Africa? Lake Victoria
80%
How many countries are in Central America? 7
74%
What is the largest waterfall? Angel Falls
64%
What is the average speed of a running caribou in mph? 30
47%
Where does the word Volcano come from? Vulcan
36%
What is the name of the supervolcano in the USA? Yellowstone
36%
What is the longest river in the UK? River Severn
32%
What is the lowest point on land? The Dead Sea
32%
Who is considered the father of geography? Eratosthenes
3%
What does Spain literally translate to? Land of Rabbits
2%
What cinder cone volcano is found in Mexico and it one the natural wonders of the world? Paricutin
2%
What is the worlds shortest river? Roe
2%
Who came up with the Stages of Growth model? Rostow
2%
No matching quizzes found
Score Distribution
Percent of People with Each Score
Percentile by Number Answered
Your Score History
You have not taken this quiz